Analýza nezávislosti České národní banky v kontextu EMU - pojetí a alternativy

Inštitucionálna štruktúra EMU (Hospodárskej a menovej únie) je daná Európskym systémom centrálnych bánk ESCB). Analýza postavenia Európskej centrálnej banky členských bánk ESCB. Zodpovednosť ECB. reforma riadenia spoločnej menovej politiky. Miera nezávislosti centrálnych bánk EÚ. Metóda merania nezá...

Descripción completa

Guardado en:
Detalles Bibliográficos
Autor principal: Kvizda, Martin
Formato: Capítulo de libro
Lenguaje:checo
Materias:
Etiquetas: Agregar Etiqueta
Sin Etiquetas, Sea el primero en etiquetar este registro!

MARC

LEADER 00000naa$a2200000$$$4500
001 0042635
005 20231107114433.2
041 0 |a cze 
044 |a CZ 
245 1 0 |a Analýza nezávislosti České národní banky v kontextu EMU - pojetí a alternativy  |c Martin Kvizda 
520 |a Inštitucionálna štruktúra EMU (Hospodárskej a menovej únie) je daná Európskym systémom centrálnych bánk ESCB). Analýza postavenia Európskej centrálnej banky členských bánk ESCB. Zodpovednosť ECB. reforma riadenia spoločnej menovej politiky. Miera nezávislosti centrálnych bánk EÚ. Metóda merania nezávislosti. Indexy nezávislosti centrálnych bánk. Zodpovednosť versus nezávislosť v EMU. Postavenie Českej národnej banky. 
610 2 0 |a banky centrálne 
610 2 0 |a Európska centrálna banka 
610 2 0 |a indexy 
610 2 0 |a banky 
610 2 0 |a nezávislosť 
610 2 0 |a únie hospodárske 
610 2 0 |a únie menové 
610 2 0 |a politika menová 
610 2 0 |a eurozóna 
610 2 0 |a ČNB Praha 
100 1 |a Kvizda, Martin